000
00304nam a22001217a 4500
008
171006b xxu||||| |||| 00| 0 eng d
041
_a
eng
080
_a
159.9
100
_a
49
101
_a
psi
245
_a
FUNDAMENTALS PSYCHOLOGY THE BRAIN TH EPERSONS THE WORLD
_c
KOSSLYN.S.M
942
_2
udc
_c
BK
999
_c
32303
_d
32303